Lịch Thái Sơn La

Gồm phần lịch từ năm 1949 đến năm 1973

Gardado en:
Detalles Bibliográficos
Autor Principal: Trần, Vân Hạc
Formato: Libro
Idioma:Undetermined
Publicado: Hà Nội Khoa học - Xã hội 2015
Những chủ đề:
Các nhãn: Engadir etiqueta
Sen Etiquetas, Sexa o primeiro en etiquetar este rexistro!
Thư viện lưu trữ: Trung tâm Học liệu Trường Đại học Cần Thơ
LEADER 00650nam a2200205Ia 4500
001 CTU_209511
008 210402s9999 xx 000 0 und d
082 |a 529.309597 
082 |b H101/Q.3 
100 |a Trần, Vân Hạc 
245 0 |a Lịch Thái Sơn La 
245 0 |c Trần Vân Hạc, Cà Văn Chung 
260 |a Hà Nội 
260 |b Khoa học - Xã hội 
260 |c 2015 
520 |a Gồm phần lịch từ năm 1949 đến năm 1973 
650 |a Lịch,Calendar 
650 |z Việt Nam,Vietnam 
904 |i Trần Thu Thảo,Hải 
980 |a Trung tâm Học liệu Trường Đại học Cần Thơ